| 000 | 00918cam a2200241 a 4500 | ||
|---|---|---|---|
| 001 | 000024951 | ||
| 005 | 20200930023453.0 | ||
| 008 | 901219s19uu ec 000 | spa d | ||
| 040 |
_aDO-SdBNP _bspa _cBNPHU |
||
| 082 |
_aE864.2 _bM691a |
||
| 100 | 1 |
_aModesto Espinosa, José _951210 |
|
| 245 | 1 | 0 |
_aArtículos de costumbres / _cJosé Modesto Espinosa ; introducción Hernán Rodríguez Castelo. |
| 260 |
_aQuito, (Ecuador) : _bPublicaciones Educativas "Ariel", _c[19?]. |
||
| 300 |
_a168 p. ; _c18 cm. |
||
| 490 | 1 |
_aClásicos Ariel _v52 |
|
| 490 | 1 | _aBiblioteca de Autores Ecuatorianos | |
| 600 | 1 | 4 |
_aESPINOSA, JOSÉ MODESTO, 1833-1916 -- CRÍTICA E INTERPRETACIÓN _951211 |
| 650 | 4 |
_aEnsayos ecuatorianos _93909 |
|
| 650 | 4 |
_aLiteratura ecuatoriano _951212 |
|
| 700 | 1 |
_aRodríguez Castelo, Hernán _eintr. _94689 |
|
| 830 | 0 |
_aClásicos Ariel ; _pBiblioteca de Autores Ecuatorianos _v52 _941875 |
|
| 049 | _aBNGR | ||
| 999 |
_c24444 _d24444 |
||